000 00208nam a2200097Ia 4500
008 220204s9999 xx 000 0 und d
082 _a82-3
_bNOT
100 _aNott, David
245 0 _aLost world
942 _cBK
999 _c26898
_d26898